000
00298nam a22001337a 4500
008
180906b xxu||||| |||| 00| 0 eng d
020
_a
9780880482486
041
_a
eng
080
_a
616
100
_a
9
101
_a
SHM
245
_a
American Rewiew Of Psychiatry
_c
Tasman.A
942
_2
udc
_c
BK
999
_c
47569
_d
47569